| 000 | 00339nam a22001457a 4500 | ||
|---|---|---|---|
| 999 |
_c13370 _d13370 |
||
| 020 | _a9788131724255 | ||
| 082 |
_a658.403 _b5951 |
||
| 100 | _aEfraim Turban | ||
| 245 | _aDecision Support and Business Intelligence System | ||
| 250 | _a8th | ||
| 260 |
_aIndia _bPearson _c2007 |
||
| 300 | _a772 | ||
| 700 | _aJay E. Aronson | ||
| 942 | _cBK | ||